Informačný a komunikačný systém akademických činností ako podpora riadenia manažmentu vysokých škôl

Úloha vzdelávacej sústavy sústavy - najmä jej systému vysokoškolského vzdelávania pri hľadaní adekvátnych a efektívnych systémov manažmentu. Informačný systém manažmentu ako nevyhnutná podmienka podnikového manažmentu. Pojem komunikačný systém manažmentu. Informačný a komunikačný systém fakúlt ako p...

Full description

Saved in:
Bibliographic Details
Main Author: Rešetová, Kvetoslava
Format: Book Chapter
Language:Slovak
Subjects:
Tags: Add Tag
No Tags, Be the first to tag this record!

MARC

LEADER 00000naa a2200000 4500
001 r049537
005 20230927095400.6
041 0 |a slo 
044 |a SK 
245 1 0 |a Informačný a komunikačný systém akademických činností ako podpora riadenia manažmentu vysokých škôl  |c Kvetoslava Rešetová 
520 |a Úloha vzdelávacej sústavy sústavy - najmä jej systému vysokoškolského vzdelávania pri hľadaní adekvátnych a efektívnych systémov manažmentu. Informačný systém manažmentu ako nevyhnutná podmienka podnikového manažmentu. Pojem komunikačný systém manažmentu. Informačný a komunikačný systém fakúlt ako podpora riadenia manažmentu vysokých škôl. 
610 2 0 |a školy vysoké 
610 2 0 |a manažment 
610 2 0 |a systémy informačné 
610 2 0 |a komunikácia manažérska 
610 2 0 |a procesy rozhodovacie 
100 1 |a Rešetová, Kvetoslava